000 00607nam a2200229Ia 4500
003 OSt
005 20221007064142.0
006 a|||||r|||| 00| 0
007 ta
008 221006b |||||||| |||| 00| 0 eng d
024 _a28,451
037 _cTextual
040 _aFLL
_cFLL
_beng
041 _2eng
_aeng
082 _aZ73:881, K4
100 _aMay John G.
_9685368
245 0 _aCourtroom kicktales
260 _aCharlottesville
_bThe Michie Company Charlottesville
_c1964
300 _a367p
_ccm.
942 _hZ73:881, K4
_cTEXL
_2CC
999 _c1133125
_d1133125